[Event "Liga Vasca 2009 - DH"]
[Site "Pais Vasco ESP"]
[Date "2009.01.10"]
[Round "1.31"]
[White "Alonso Arburu, Juan Ignacio"]
[Black "Bauer, Christian"]
[Result "1/2-1/2"]
[WhiteElo "2353"]
[BlackElo "2610"]
[PlyCount "105"]
[EventDate "2009.01.10"]
[EventType "team"]
[EventRounds "9"]
[EventCountry "ESP"]
[Source "lmi"]
[SourceDate "2009.01.10"]
[WhiteTeam "España"]
[BlackTeam "España"]
[WhiteTeamCountry "ESP"]
[BlackTeamCountry "ESP"]

1. d4 c5 2. d5 Nf6 3. Nc3 Qa5 4. Bd2 b5 5. e4 b4 6. e5 bxc3 7. Bxc3 Qa4 8. exf6
gxf6 9. d6 e6 10. Qf3 Nc6 11. b3 Qa3 12. Bxf6 Rg8 13. Bd3 Bb7 14. Ne2 Nd8 15.
Be4 Qb4+ 16. Nc3 Bxe4 17. Qxe4 Nb7 18. O-O-O Qxe4 19. Nxe4 Rxg2 20. Rd3 Rg6 21.
h4 Rc8 22. h5 Rg4 23. f3 Rg2 24. Rh4 Rc6 25. Be5 h6 26. Rg4 Rxg4 27. fxg4 f5
28. Nf6+ Kd8 29. g5 hxg5 30. Ng8 c4 31. Rd4 Nxd6 32. h6 Nf7 33. h7 cxb3 34.
axb3 g4 35. Kd1 Rc5 36. h8=Q Nxh8 37. Bxh8 e5 38. Rd2 g3 39. Nf6 d6 40. Nh5 f4
41. b4 Rb5 42. c4 Rxb4 43. Bxe5 g2 44. Bf6+ Ke8 45. Rxg2 Rxc4 46. Bg5 f3 47.
Rf2 Rc3 48. Nf6+ Kf7 49. Ne4 Rd3+ 50. Kc2 Ra3 51. Nc3 Bg7 52. Rxf3+ Ke6 53. Bc1
1/2-1/2

[Event "Liga Vasca 2009 - DH"]
[Site "Pais Vasco ESP"]
[Date "2009.01.10"]
[Round "1.32"]
[White "Argandoña Riveiro, Iñigo"]
[Black "Cruz-Lopez Claret, Carlos"]
[Result "1-0"]
[WhiteElo "2391"]
[BlackElo "2342"]
[PlyCount "81"]
[EventDate "2009.01.10"]
[EventType "team"]
[EventRounds "9"]
[EventCountry "ESP"]
[Source "lmi"]
[SourceDate "2009.01.10"]
[WhiteTeam "España"]
[BlackTeam "España"]
[WhiteTeamCountry "ESP"]
[BlackTeamCountry "ESP"]

1. d4 d5 2. c4 c6 3. Nf3 Nf6 4. e3 Bg4 5. Nc3 Nbd7 6. Bd2 e6 7. h3 Bxf3 8. Qxf3
Bd6 9. cxd5 exd5 10. Bd3 O-O 11. g4 Bb4 12. O-O-O Re8 13. Kb1 Bxc3 14. Bxc3 Ne4
15. Be1 Nb6 16. Qe2 Qe7 17. f3 Nd6 18. Bd2 Nbc4 19. Bc1 b5 20. Rde1 a5 21. h4
a4 22. e4 Qa7 23. e5 Qxd4 24. Qd1 Qb6 25. exd6 Nxd6 26. Qc2 b4 27. Rxe8+ Nxe8
28. Bxh7+ Kh8 29. Bd3 b3 30. Qc3 d4 31. Qd2 bxa2+ 32. Ka1 Nf6 33. Bc4 a3 34.
Qd3 Rb8 35. b3 Nd5 36. Bxd5 cxd5 37. Kxa2 Rc8 38. Bd2 Qf6 39. h5 Kg8 40. h6 g6
41. g5 1-0

[Event "Liga Vasca 2009 - DH"]
[Site "Pais Vasco ESP"]
[Date "2009.01.10"]
[Round "1.33"]
[White "Serras Uria, Antonio"]
[Black "Gonzalez De La Torre, Santiago"]
[Result "0-1"]
[WhiteElo "2187"]
[BlackElo "2379"]
[PlyCount "78"]
[EventDate "2009.01.10"]
[EventType "team"]
[EventRounds "9"]
[EventCountry "ESP"]
[Source "lmi"]
[SourceDate "2009.01.10"]
[WhiteTeam "España"]
[BlackTeam "España"]
[WhiteTeamCountry "ESP"]
[BlackTeamCountry "ESP"]

1. Nf3 Nf6 2. g3 b6 3. Bg2 Bb7 4. O-O c5 5. c4 e6 6. Nc3 Be7 7. a3 O-O 8. d4
cxd4 9. Qxd4 Nc6 10. Qd3 Na5 11. b4 Nb3 12. Rb1 Nxc1 13. Rfxc1 d6 14. e4 Qc7
15. Nb5 Qb8 16. Ne1 a6 17. Nd4 Nd7 18. Nb3 Qc7 19. Qe2 Rac8 20. f4 Rfe8 21. Rc2
Bf8 22. Qd3 Red8 23. Rbc1 Qb8 24. Kh1 Qa8 25. Qe3 Rc7 26. h3 g6 27. Rd1 Rdc8
28. Qd4 a5 29. Nd2 axb4 30. axb4 e5 31. Qb2 exf4 32. gxf4 Bg7 33. Qb3 Nf6 34.
Ra2 Qb8 35. Qd3 b5 36. Qxd6 Rd8 37. Qb6 Nxe4 38. Nef3 Nc3 39. Rda1 Nxa2 0-1

[Event "Liga Vasca 2009 - DH"]
[Site "Pais Vasco ESP"]
[Date "2009.01.10"]
[Round "1.34"]
[White "Muñoz Perez, Ivan"]
[Black "Alonso Arburu, Jose Maria"]
[Result "1-0"]
[WhiteElo "2274"]
[BlackElo "2126"]
[PlyCount "43"]
[EventDate "2009.01.10"]
[EventType "team"]
[EventRounds "9"]
[EventCountry "ESP"]
[Source "lmi"]
[SourceDate "2009.01.10"]
[WhiteTeam "España"]
[BlackTeam "España"]
[WhiteTeamCountry "ESP"]
[BlackTeamCountry "ESP"]

1. e4 c5 2. Nc3 e6 3. g3 Nc6 4. Bg2 Nf6 5. d3 Be7 6. Nge2 O-O 7. O-O d6 8. d4
cxd4 9. Nxd4 Nxd4 10. Qxd4 Bd7 11. a4 Bc6 12. Rd1 Qc7 13. Qd3 a6 14. a5 d5 15.
exd5 Nxd5 16. Nxd5 Bxd5 17. Bxd5 exd5 18. Bf4 Qc6 19. Qxd5 Qxc2 20. Qxb7 Bf6
21. Rd2 Qc5 22. Bd6 1-0

[Event "Liga Vasca 2009 - DH"]
[Site "Pais Vasco ESP"]
[Date "2009.01.10"]
[Round "1.41"]
[White "Saenz Martinez, Juan Jose"]
[Black "Lozoya Rodriguez, Alberto"]
[Result "0-1"]
[WhiteElo "2315"]
[BlackElo "2205"]
[PlyCount "104"]
[EventDate "2009.01.10"]
[EventType "team"]
[EventRounds "9"]
[EventCountry "ESP"]
[Source "lmi"]
[SourceDate "2009.01.10"]
[WhiteTeam "AFC"]
[BlackTeam "Baracaldo"]
[WhiteTeamCountry "ESP"]
[BlackTeamCountry "ESP"]

1. d4 Nf6 2. c4 e6 3. Nf3 b6 4. g3 Bb7 5. Bg2 Bb4+ 6. Nbd2 O-O 7. O-O c5 8. a3
Bxd2 9. Bxd2 cxd4 10. Bb4 Re8 11. Bd6 Qc8 12. Qxd4 Nc6 13. Qf4 Na5 14. Ne5 Bxg2
15. Kxg2 Qb7+ 16. Qf3 Rec8 17. Rac1 Qxf3+ 18. Kxf3 Nb7 19. Be7 d6 20. Bxf6 gxf6
21. Ng4 Kg7 22. Rfd1 Rc6 23. Ne3 Rac8 24. Rd4 b5 25. Rc3 a6 26. cxb5 Rxc3 27.
bxc3 axb5 28. c4 bxc4 29. Rxc4 Ra8 30. Nc2 d5 31. Rb4 Nc5 32. Ke3 e5 33. f3 d4+
34. Kd2 Ra5 35. Kc1 f5 36. Kb1 Na4 37. Kc1 Kf6 38. f4 Ke6 39. fxe5 Nc3 40.
Nxd4+ Kd5 41. Kc2 Rc5 42. Kd3 Kxe5 43. a4 Nd5 44. Rb5 Rc3+ 45. Kd2 Rc4 46. a5
Rxd4+ 47. Ke1 Ra4 48. Kf2 f4 49. g4 Ke4 50. h4 Ra2 51. Rb7 f3 52. Rxf7 Rxe2+
0-1

[Event "Liga Vasca 2009 - DH"]
[Site "Pais Vasco ESP"]
[Date "2009.01.10"]
[Round "1.42"]
[White "Martin Allende, Jorge"]
[Black "Agirretxe San Sebastian, Jesus Maria"]
[Result "1/2-1/2"]
[WhiteElo "2123"]
[BlackElo "2180"]
[PlyCount "55"]
[EventDate "2009.01.10"]
[EventType "team"]
[EventRounds "9"]
[EventCountry "ESP"]
[Source "lmi"]
[SourceDate "2009.01.10"]
[WhiteTeam "Baracaldo"]
[BlackTeam "AFC"]
[WhiteTeamCountry "ESP"]
[BlackTeamCountry "ESP"]

1. e4 c6 2. d4 d5 3. Nc3 dxe4 4. Nxe4 Bf5 5. Ng3 Bg6 6. f4 e6 7. Nf3 Nd7 8. h4
h6 9. h5 Bh7 10. Bd3 Bxd3 11. Qxd3 Ngf6 12. Be3 Qc7 13. Ne5 Bd6 14. O-O-O Nd5
15. Ne4 Nxe3 16. Qxe3 Nf6 17. g4 O-O-O 18. Nxd6+ Rxd6 19. d5 Rxd5 20. Rxd5 exd5
21. Qxa7 Ne4 22. Qa8+ Qb8 23. Qa3 f6 24. Nd3 Re8 25. Rd1 Qd6 26. Qa8+ Qb8 27.
Qa3 Qd6 28. Qa8+ 1/2-1/2

[Event "Liga Vasca 2009 - DH"]
[Site "Pais Vasco ESP"]
[Date "2009.01.10"]
[Round "1.43"]
[White "Alvarado Fernandez, Mikel"]
[Black "Fernandez Lopategi, Jon Andoni"]
[Result "1-0"]
[WhiteElo "2011"]
[BlackElo "2055"]
[PlyCount "59"]
[EventDate "2009.01.10"]
[EventType "team"]
[EventRounds "9"]
[EventCountry "ESP"]
[Source "lmi"]
[SourceDate "2009.01.10"]
[WhiteTeam "AFC"]
[BlackTeam "Baracaldo"]
[WhiteTeamCountry "ESP"]
[BlackTeamCountry "ESP"]

1. d4 d5 2. Bg5 Bf5 3. e3 Nd7 4. c4 c6 5. Nc3 Ngf6 6. Bxf6 Nxf6 7. c5 e5 8. Nf3
e4 9. Nd2 Be7 10. b4 O-O 11. a4 Bg4 12. Be2 Bxe2 13. Nxe2 Qd7 14. O-O Ne8 15.
Qb3 Nc7 16. Rfb1 Qg4 17. Qd1 a6 18. Nc3 Qe6 19. b5 axb5 20. axb5 Rxa1 21. Rxa1
Nxb5 22. Nxb5 cxb5 23. Qb3 f5 24. Qxb5 f4 25. Qxb7 Bh4 26. exf4 e3 27. Nf3
exf2+ 28. Kf1 Re8 29. Ne5 Bf6 30. Ra6 1-0

[Event "Liga Vasca 2009 - DH"]
[Site "Pais Vasco ESP"]
[Date "2009.01.10"]
[Round "1.44"]
[White "Urbieta Gabancho, Koldo"]
[Black "Gonzalez Blanco, Aitor"]
[Result "1/2-1/2"]
[WhiteElo "2009"]
[BlackElo "2020"]
[PlyCount "88"]
[EventDate "2009.01.10"]
[EventType "team"]
[EventRounds "9"]
[EventCountry "ESP"]
[Source "lmi"]
[SourceDate "2009.01.10"]
[WhiteTeam "Baracaldo"]
[BlackTeam "AFC"]
[WhiteTeamCountry "ESP"]
[BlackTeamCountry "ESP"]

1. Nf3 d5 2. c4 c6 3. b3 Nf6 4. g3 Qb6 5. Ba3 Ne4 6. d4 Nd7 7. Bg2 e6 8. Bxf8
Kxf8 9. Qc1 Qb4+ 10. Nbd2 Ndf6 11. O-O Nxd2 12. Nxd2 g6 13. a3 Qb6 14. Qc3 Kg7
15. Rad1 Re8 16. e4 dxe4 17. Nxe4 Nxe4 18. Bxe4 Kg8 19. h4 Qd8 20. Qf3 Qe7 21.
Rfe1 Kg7 22. b4 Bd7 23. Qc3 f5 24. Bg2 Qf6 25. Re5 Rad8 26. f4 Bc8 27. Rde1 Rd6
28. Qe3 Red8 29. Rd1 a6 30. c5 R6d7 31. Rxe6 Rxd4 32. Re7+ Kf8 33. Re1 Rd3 34.
Re8+ Kg7 35. Qe7+ Qxe7 36. R1xe7+ Kh6 37. Rxd8 Rxd8 38. Rc7 Rd1+ 39. Kf2 Rd2+
40. Kf1 Be6 41. Rxb7 Bc4+ 42. Kg1 Rd1+ 43. Kh2 Rd2 44. Kg1 Rd1+ 1/2-1/2

[Event "Liga Vasca 2009 - DH"]
[Site "Pais Vasco ESP"]
[Date "2009.01.17"]
[Round "2.11"]
[White "Alberdi Sololuce, Paulo"]
[Black "Astasio Lopez, David"]
[Result "1/2-1/2"]
[WhiteElo "2161"]
[BlackElo "2250"]
[PlyCount "41"]
[EventDate "2009.01.10"]
[EventType "team"]
[EventRounds "9"]
[EventCountry "ESP"]
[Source "lmi"]
[SourceDate "2009.01.10"]
[WhiteTeam "España"]
[BlackTeam "España"]
[WhiteTeamCountry "ESP"]
[BlackTeamCountry "ESP"]

1. d4 d5 2. Nf3 Nf6 3. c4 c6 4. cxd5 cxd5 5. Nc3 Nc6 6. Bf4 Qb6 7. e3 Qxb2 8.
Rc1 Bg4 9. Be2 Bxf3 10. Bxf3 e6 11. O-O Ba3 12. Qd3 a6 13. e4 Qb4 14. Rcd1 O-O
15. exd5 exd5 16. Nxd5 Nxd5 17. Bxd5 Rad8 18. Bxc6 bxc6 19. Qg3 Bb2 20. Rb1 Qc3
21. Qxc3 1/2-1/2

[Event "Liga Vasca 2009 - DH"]
[Site "Pais Vasco ESP"]
[Date "2009.01.17"]
[Round "2.12"]
[White "Perez De Miguel, Alvaro"]
[Black "Fernandez Hernandez, Gerardo"]
[Result "0-1"]
[WhiteElo "2144"]
[BlackElo "2154"]
[PlyCount "130"]
[EventDate "2009.01.10"]
[EventType "team"]
[EventRounds "9"]
[EventCountry "ESP"]
[Source "lmi"]
[SourceDate "2009.01.10"]
[WhiteTeam "España"]
[BlackTeam "España"]
[WhiteTeamCountry "ESP"]
[BlackTeamCountry "ESP"]

1. d4 Nf6 2. Nf3 d6 3. Bg5 Nbd7 4. Nbd2 g6 5. e4 e5 6. Be2 Bg7 7. O-O O-O 8. c3
Re8 9. Qc2 h6 10. Bh4 Qe7 11. dxe5 dxe5 12. Nc4 b6 13. b4 Bb7 14. Nfd2 Nf8 15.
Bg3 N6d7 16. Ne3 Ne6 17. Nd5 Qd8 18. Rfd1 c6 19. Ne3 Nf4 20. Ndc4 Nxe2+ 21.
Qxe2 Ba6 22. Qg4 Re6 23. Bxe5 Bxe5 24. Nxe5 h5 25. Qg3 Rxe5 26. Rxd7 Qxd7 27.
Qxe5 Re8 28. Qf6 Rxe4 29. h3 Re6 30. Qf3 Rd6 31. Rd1 Rxd1+ 32. Qxd1 Qxd1+ 33.
Nxd1 Kg7 34. f4 Kf6 35. Kf2 Ke6 36. Ne3 Bd3 37. h4 Kd6 38. Ke1 Be4 39. g3 Bd5
40. a3 c5 41. Kd2 Be6 42. Kd3 Kc6 43. c4 cxb4 44. axb4 a5 45. Kc3 Kb7 46. Kb3
Ka6 47. Ka4 Bxc4 48. bxa5 Bb5+ 49. Ka3 Kxa5 50. f5 Bd3 51. fxg6 fxg6 52. g4
hxg4 53. Nxg4 Kb5 54. Nf6 Kc4 55. Kb2 Kd4 56. h5 g5 57. h6 Ke3 58. Kc3 Bf5 59.
Kb4 Kd4 60. Kb5 Ke5 61. h7 Bxh7 62. Nxh7 g4 63. Ng5 Kf5 64. Nf7 g3 65. Nd6+ Kf4
0-1

[Event "Liga Vasca 2009 - DH"]
[Site "Pais Vasco ESP"]
[Date "2009.01.17"]
[Round "2.32"]
[White "Benito Imaz, Juan"]
[Black "Argandoña Riveiro, Iñigo"]
[Result "1/2-1/2"]
[WhiteElo "2335"]
[BlackElo "2391"]
[PlyCount "88"]
[EventDate "2009.01.10"]
[EventType "team"]
[EventRounds "9"]
[EventCountry "ESP"]
[Source "lmi"]
[SourceDate "2009.01.10"]
[WhiteTeam "AFC"]
[BlackTeam "Gros"]
[WhiteTeamCountry "ESP"]
[BlackTeamCountry "ESP"]

1. e4 d6 2. d4 Nf6 3. Nc3 e5 4. dxe5 dxe5 5. Qxd8+ Kxd8 6. Bg5 Be6 7. O-O-O+
Nbd7 8. f3 c6 9. Kb1 Kc7 10. g3 h6 11. Bc1 Nc5 12. Be3 b5 13. Bh3 Nfd7 14. Nce2
Be7 15. Nc1 Rhd8 16. Bxe6 Nxe6 17. Nge2 Ndc5 18. Nb3 Nxb3 19. axb3 a5 20. c3
Ng5 21. Bxg5 hxg5 22. Rxd8 Rxd8 23. Kc2 Ra8 24. h3 Kd7 25. Nc1 Ke6 26. g4 g6
27. Nd3 f5 28. Kd2 fxe4 29. fxe4 Rb8 30. Ke2 Bd6 31. Rf1 Rh8 32. Rh1 c5 33. c4
a4 34. cxb5 axb3 35. Rc1 Rc8 36. Rc4 Rb8 37. Nxc5+ Ke7 38. Nxb3 Rxb5 39. Rc3
Rb4 40. Kf3 Bb8 41. Na5 Rxb2 42. Nc6+ Kd6 43. Nxb8 Rxb8 44. Rd3+ Ke6 1/2-1/2

[Event "Liga Vasca 2009 - DH"]
[Site "Pais Vasco ESP"]
[Date "2009.01.17"]
[Round "2.33"]
[White "Gonzalez de la Torre, Santiago"]
[Black "Agirretxe San Sebastian, Jesus Maria"]
[Result "1-0"]
[WhiteElo "2382"]
[BlackElo "2180"]
[PlyCount "45"]
[EventDate "2009.01.10"]
[EventType "team"]
[EventRounds "9"]
[EventCountry "ESP"]
[Source "lmi"]
[SourceDate "2009.01.10"]
[WhiteTeam "Gros"]
[BlackTeam "AFC"]
[WhiteTeamCountry "ESP"]
[BlackTeamCountry "ESP"]

1. e4 c6 2. d4 d5 3. Nd2 dxe4 4. Nxe4 Bf5 5. Ng3 Bg6 6. Bc4 e6 7. N1e2 Nf6 8.
O-O Nbd7 9. f4 Bd6 10. f5 exf5 11. Nxf5 Bxf5 12. Rxf5 Qc7 13. Qe1 O-O-O 14. Qh4
Rhe8 15. Nc3 Bxh2+ 16. Qxh2 Re1+ 17. Rf1 Rxf1+ 18. Bxf1 Qb6 19. Ne2 Ng4 20. Qh3
Qa5 21. Qb3 Qf5 22. Bf4 Ndf6 23. Qxf7 1-0

[Event "Liga Vasca 2009 - DH"]
[Site "Pais Vasco ESP"]
[Date "2009.01.17"]
[Round "2.34"]
[White "Alvarez Ponga, Hugo"]
[Black "Gallego Eraso, Francisco"]
[Result "0-1"]
[WhiteElo "2103"]
[BlackElo "2365"]
[PlyCount "128"]
[EventDate "2009.01.10"]
[EventType "team"]
[EventRounds "9"]
[EventCountry "ESP"]
[Source "lmi"]
[SourceDate "2009.01.10"]
[WhiteTeam "AFC"]
[BlackTeam "Gros"]
[WhiteTeamCountry "ESP"]
[BlackTeamCountry "ESP"]

1. d4 Nf6 2. c4 c5 3. Nf3 g6 4. Nc3 Bg7 5. g3 O-O 6. Bg2 d6 7. O-O Nbd7 8. h3
Rb8 9. Be3 b6 10. Rc1 a6 11. b3 Bb7 12. d5 b5 13. Bg5 h6 14. Bxf6 Nxf6 15. Nd2
b4 16. Ncb1 Qd7 17. e4 e5 18. dxe6 Qxe6 19. Qc2 Rbe8 20. Rfe1 Re7 21. Re2 Rfe8
22. Rce1 Nd7 23. Nf3 Qf6 24. Nh2 h5 25. e5 Nxe5 26. Bxb7 Rxb7 27. f4 Qe6 28.
Kg2 Rbe7 29. fxe5 dxe5 30. Nd2 f5 31. Nhf3 Qc6 32. Nf1 Bh6 33. Ne3 e4 34. Ng1
Bxe3 35. Rxe3 Qf6 36. Qf2 Rd8 37. h4 Red7 38. Nh3 Rd2 39. R1e2 Qb2 40. Nf4 Qxa2
41. Nd5 Rxe2 42. Qxe2 Qa1 43. Qf2 a5 44. Re1 Qd4 45. Qxd4 cxd4 46. Ra1 Ra8 47.
Kf2 Kf7 48. Ke2 g5 49. Rf1 f4 50. gxf4 gxh4 51. f5 Rg8 52. Ra1 h3 53. Nf4 h2
54. Rh1 Rg4 55. Rxh2 Rxf4 56. Rxh5 Rf3 57. Rh4 Re3+ 58. Kd2 Kf6 59. Rf4 Rd3+
60. Kc2 Rc3+ 61. Kd2 e3+ 62. Ke2 Rc2+ 63. Ke1 d3 64. Rd4 Rc1# 0-1

[Event "Liga Vasca 2009 - DH"]
[Site "Pais Vasco ESP"]
[Date "2009.01.17"]
[Round "2.51"]
[White "Iruzubieta Villaluenga, Jesus Maria"]
[Black "Garbisu de Goñi, Unai"]
[Result "0-1"]
[WhiteElo "2423"]
[BlackElo "2466"]
[PlyCount "70"]
[EventDate "2009.01.10"]
[EventType "team"]
[EventRounds "9"]
[EventCountry "ESP"]
[Source "lmi"]
[SourceDate "2009.01.10"]
[WhiteTeam "España"]
[BlackTeam "España"]
[WhiteTeamCountry "ESP"]
[BlackTeamCountry "ESP"]

1. Nf3 f5 2. c4 Nf6 3. g3 g6 4. Bg2 Bg7 5. d4 O-O 6. Nc3 d6 7. O-O Nc6 8. d5
Na5 9. Qa4 b6 10. Qc2 Bd7 11. b3 c5 12. dxc6 Bxc6 13. Bb2 a6 14. Ng5 Bxg2 15.
Kxg2 Qc8 16. Qd2 h6 17. Nd5 Qb7 18. Nf3 Ne4 19. Qc2 Bxb2 20. Qxb2 b5 21. Qa3
Nc6 22. Rac1 g5 23. cxb5 axb5 24. Qb2 Rac8 25. Kg1 e6 26. Nc3 Qg7 27. Qa1 g4
28. Nxe4 fxe4 29. Qxg7+ Kxg7 30. Nd2 d5 31. Rfd1 b4 32. Nf1 Nd4 33. Rxd4 Rxc1
34. Rxb4 h5 35. Kg2 Rc2 0-1

[Event "Liga Vasca 2009 - DH"]
[Site "Pais Vasco ESP"]
[Date "2009.01.17"]
[Round "2.52"]
[White "Rada Equiza, Miguel"]
[Black "Ruiz Gomez, Alejandro"]
[Result "1-0"]
[WhiteElo "2279"]
[BlackElo "2363"]
[PlyCount "86"]
[EventDate "2009.01.10"]
[EventType "team"]
[EventRounds "9"]
[EventCountry "ESP"]
[Source "lmi"]
[SourceDate "2009.01.10"]
[WhiteTeam "España"]
[BlackTeam "España"]
[WhiteTeamCountry "ESP"]
[BlackTeamCountry "ESP"]

1. e4 c6 2. d4 d5 3. e5 Na6 4. c3 Bf5 5. Ne2 Nc7 6. Ng3 Bg6 7. Be2 Qd7 8. Nd2
e6 9. Ndf1 O-O-O 10. Ne3 f6 11. f4 Kb8 12. O-O Nh6 13. b4 Be7 14. Bd3 Rhf8 15.
Bxg6 hxg6 16. Qd3 f5 17. Nc2 Nf7 18. a4 Rh8 19. Bd2 a6 20. Rfb1 Rh4 21. Ne1
Rdh8 22. Nf3 Rg4 23. Nh1 g5 24. h3 Rxf4 25. Bxf4 gxf4 26. Nf2 g5 27. Nd2 Nh6
28. Nb3 b6 29. Nd2 g4 30. hxg4 Nxg4 31. Nxg4 fxg4 32. Qg6 f3 33. Rf1 Qd8 34.
Qxg4 fxg2 35. Rfe1 Bg5 36. Nf3 Rg8 37. Qh3 Bf4 38. Ra2 Rg3 39. Qh5 Qf8 40. Rxg2
Kb7 41. Rxg3 Bxg3 42. Rf1 Qf4 43. Kg2 c5 1-0

[Event "Liga Vasca 2009 - DH"]
[Site "Pais Vasco ESP"]
[Date "2009.01.17"]
[Round "2.53"]
[White "Limeres Guiance, Cristobal"]
[Black "Mindeguia Guruceaga, Juan Jesus"]
[Result "1-0"]
[WhiteElo "2301"]
[BlackElo "2230"]
[PlyCount "55"]
[EventDate "2009.01.10"]
[EventType "team"]
[EventRounds "9"]
[EventCountry "ESP"]
[Source "lmi"]
[SourceDate "2009.01.10"]
[WhiteTeam "España"]
[BlackTeam "España"]
[WhiteTeamCountry "ESP"]
[BlackTeamCountry "ESP"]

1. d4 d5 2. c4 e6 3. Nc3 c5 4. cxd5 exd5 5. Nf3 Nc6 6. g3 Nf6 7. Bg2 Be7 8. O-O
O-O 9. dxc5 Bxc5 10. a3 a6 11. b4 Be7 12. Nd4 Re8 13. h3 h6 14. Ra2 Nxd4 15.
Qxd4 Be6 16. Rd2 Rc8 17. Bb2 Qd7 18. g4 a5 19. bxa5 Bc5 20. Qd3 Qe7 21. Na4 Bd6
22. Nb6 Rc5 23. Bc3 Ne4 24. Bxe4 dxe4 25. Qe3 Rc6 26. Qd4 f6 27. Bb4 Rd8 28.
Qxe4 1-0

[Event "Liga Vasca 2009 - DH"]
[Site "Pais Vasco ESP"]
[Date "2009.01.17"]
[Round "2.54"]
[White "Rebole Arbea, Jose Ignacio"]
[Black "Gete Rodriguez, Isidro"]
[Result "1-0"]
[WhiteElo "2207"]
[BlackElo "1980"]
[PlyCount "97"]
[EventDate "2009.01.10"]
[EventType "team"]
[EventRounds "9"]
[EventCountry "ESP"]
[Source "lmi"]
[SourceDate "2009.01.10"]
[WhiteTeam "España"]
[BlackTeam "España"]
[WhiteTeamCountry "ESP"]
[BlackTeamCountry "ESP"]

1. d4 d5 2. Nf3 Nf6 3. g3 Bf5 4. Bg2 h6 5. c4 c6 6. O-O e6 7. b3 Nbd7 8. Bb2
Bd6 9. Nbd2 Qb8 10. Re1 O-O 11. a3 a5 12. Qc1 a4 13. b4 b5 14. c5 Bc7 15. Qc3
Ne4 16. Nxe4 Bxe4 17. Bh3 Bf5 18. Bxf5 exf5 19. Ne5 Nxe5 20. dxe5 Re8 21. f4
Qc8 22. Qf3 g6 23. h3 Qe6 24. Bd4 Kf8 25. Kf2 Ke7 26. Rg1 Kd7 27. g4 Rad8 28.
Rg2 Rg8 29. Rag1 Rde8 30. Qd3 fxg4 31. hxg4 g5 32. e3 Qg6 33. Qf5+ Qe6 34. Rh1
Rg6 35. Ke2 gxf4 36. Qxe6+ fxe6 37. exf4 Reg8 38. Kf3 Ke7 39. Rhh2 Rf8 40. Rh5
Kf7 41. Rgh2 Kg7 42. f5 exf5 43. gxf5 Rg5 44. Rxg5+ hxg5 45. e6+ Rf6 46. Bxf6+
Kxf6 47. Rh7 Bd8 48. Kg4 Be7 49. Rf7+ 1-0

[Event "Liga Vasca 2009 - DH"]
[Site "Pais Vasco ESP"]
[Date "2009.01.31"]
[Round "3.12"]
[White "Fernandez Hernandez, Gerardo"]
[Black "Mindeguia Guruceaga, Juan Jesus"]
[Result "1/2-1/2"]
[WhiteElo "2154"]
[BlackElo "2230"]
[PlyCount "62"]
[EventDate "2009.01.10"]
[EventType "team"]
[EventRounds "9"]
[EventCountry "ESP"]
[Source "lmi"]
[SourceDate "2009.01.10"]
[WhiteTeam "España"]
[BlackTeam "España"]
[WhiteTeamCountry "ESP"]
[BlackTeamCountry "ESP"]

1. e4 e5 2. Bc4 Nf6 3. d3 Nc6 4. Nc3 Bb4 5. Nge2 d5 6. exd5 Nxd5 7. O-O Be6 8.
Ne4 Be7 9. N2g3 Qd7 10. Ng5 Bxg5 11. Bxg5 O-O 12. Ne4 b6 13. Bd2 f6 14. a4 a5
15. Bb5 Rad8 16. Kh1 Nde7 17. f4 Qc8 18. Bxc6 Nxc6 19. Bc3 Bd5 20. Qe2 Rde8 21.
Rae1 exf4 22. Rxf4 Ne5 23. Qh5 Bf7 24. Qh4 Ng6 25. Qxf6 gxf6 26. Nxf6+ Kg7 27.
Nxe8+ Kh6 28. Bg7+ Kg5 29. Bf6+ Kh6 30. Bg7+ Kg5 31. Bf6+ Kh6 1/2-1/2

[Event "Liga Vasca 2009 - DH"]
[Site "Pais Vasco ESP"]
[Date "2009.01.31"]
[Round "3.14"]
[White "Martinez Pelaez, David"]
[Black "Anguas Fanlo, Sergio"]
[Result "1/2-1/2"]
[WhiteElo "1971"]
[BlackElo "1952"]
[PlyCount "63"]
[EventDate "2009.01.10"]
[EventType "team"]
[EventRounds "9"]
[EventCountry "ESP"]
[Source "lmi"]
[SourceDate "2009.01.10"]
[WhiteTeam "España"]
[BlackTeam "España"]
[WhiteTeamCountry "ESP"]
[BlackTeamCountry "ESP"]

1. e4 e6 2. d4 b6 3. Bd3 Bb7 4. Nf3 d5 5. e5 c5 6. c3 Nc6 7. Be3 c4 8. Bc2 b5
9. Ng5 g6 10. h4 h6 11. Nf3 Nge7 12. h5 g5 13. Nh2 Nf5 14. Ng4 Bg7 15. g3 Qe7
16. Qf3 Nxe3 17. fxe3 Rf8 18. O-O O-O-O 19. Nf6 Bxf6 20. Qxf6 Qxf6 21. Rxf6 Ne7
22. Rxh6 Ng8 23. Rh8 f5 24. Nd2 Ne7 25. Rxf8 Rxf8 26. Kg2 Rh8 27. Rh1 Rh6 28.
Nf3 g4 29. Ng5 Bc6 30. Nf7 Rh7 31. Nd6+ Kc7 32. b3 1/2-1/2

[Event "Liga Vasca 2009 - DH"]
[Site "Pais Vasco ESP"]
[Date "2009.01.31"]
[Round "3.31"]
[White "Agirretxe San Sebastian, Jesus Maria"]
[Black "Roiz, Michael"]
[Result "1-0"]
[WhiteElo "2180"]
[BlackElo "2677"]
[PlyCount "81"]
[EventDate "2009.01.10"]
[EventType "team"]
[EventRounds "9"]
[EventCountry "ESP"]
[Source "lmi"]
[SourceDate "2009.01.10"]
[WhiteTeam "España"]
[BlackTeam "España"]
[WhiteTeamCountry "ESP"]
[BlackTeamCountry "ESP"]

1. d4 e6 2. c4 b6 3. Nf3 Bb7 4. g3 Bb4+ 5. Bd2 Bxf3 6. exf3 Bxd2+ 7. Qxd2 Ne7
8. d5 O-O 9. Bh3 c5 10. Nc3 exd5 11. cxd5 d6 12. O-O Na6 13. Rfe1 Nc7 14. Re2
b5 15. Rae1 Nc8 16. Bxc8 Rxc8 17. Ne4 b4 18. Kg2 Nb5 19. Qf4 Rc7 20. Re3 Rd7
21. Nd2 Nd4 22. Rc1 Qa8 23. Qe4 f5 24. Qd3 f4 25. Re4 fxg3 26. Rh4 Nf5 27. Rf4
Rdf7 28. hxg3 Nd4 29. Rh1 h6 30. Rxf7 Rxf7 31. Qe4 Rf5 32. g4 Re5 33. Qg6 Rg5
34. Qe4 Qxd5 35. a3 bxa3 36. bxa3 Re5 37. Qxd5+ Rxd5 38. Ne4 Nc2 39. Rb1 Nxa3
40. Rb8+ Kh7 41. Rb7 1-0

[Event "Liga Vasca 2009 - DH"]
[Site "Pais Vasco ESP"]
[Date "2009.01.31"]
[Round "3.31"]
[White "Arnaez Gil, Juan Ignacio"]
[Black "Cifuentes Parada, Roberto"]
[Result "1/2-1/2"]
[WhiteElo "2231"]
[BlackElo "2526"]
[PlyCount "77"]
[EventDate "2009.01.10"]
[EventType "team"]
[EventRounds "9"]
[EventCountry "ESP"]
[Source "lmi"]
[SourceDate "2009.01.10"]
[WhiteTeam "Rey Ardid"]
[BlackTeam "Gros A"]

1. d4 d5 2. Nf3 c5 3. e3 Nf6 4. c4 cxd4 5. exd4 Nc6 6. Nc3 Bg4 7. Be2 e6 8. O-O
Be7 9. h3 Bh5 10. c5 O-O 11. a3 Ne4 12. Bf4 g5 13. Bh2 f5 14. Ne5 Bxe2 15. Nxe2
f4 16. Nxc6 bxc6 17. Nc3 e5 18. Nxe4 dxe4 19. dxe5 Qxd1 20. Rfxd1 Bxc5 21. Rac1
Rfd8 22. Rxd8+ Rxd8 23. Bxf4 gxf4 24. Rxc5 Rd1+ 25. Kh2 Rd2 26. e6 Kf8 27. Rf5+
Ke7 28. Rxf4 Rxb2 29. Rxe4 Rxf2 30. Kg3 Rf6 31. Ra4 Kxe6 32. Rxa7 h6 33. Kh4
Kd5 34. g4 c5 35. Rd7+ Ke4 36. Rc7 Kd5 37. Kh5 c4 38. h4 Rc6 39. Rxc6 1/2-1/2